Statistics for Epic master of Rodhe

Click here to take the quiz!

General Stats

  • This quiz has been taken 4 times
  • The average score is 5 of 34

Answer Stats

HintAnswer% Correct
HållplatsTings Nöbbelöv
67%
HållplatsVä E22
67%
LåtSå länge skutan kan gå
67%
LåtSol, vind och vatten
67%
HållplatsKristianstad Österlen airport
33%
HållplatsKristianstad kyrkogården
33%
HållplatsKristianstad C
33%
HållplatsBrösarp torparebron
33%
HållplatsDegerberga skolan
33%
HållplatsOlseröd olserödsvägen
33%
HållplatsBrösarps bussterminal
33%
HållplatsOlseröd Hasslavägen
0%
HållplatsDegerberga skaddevägen
0%
HållplatsDegerberga Hästavägen
0%
HållplatsEskilstorp vittskövlevägen
0%
HållplatsEveröd medspårsvägen
0%
HållplatsMaglehem lillehemsvägen
0%
HållplatsMaglehem sockenvägen
0%
HållplatsÖsterlia by
0%
LåtDrömmen om Elin
0%
HållplatsTings nöbbelöv stärkan
0%
LåtBarfotavisan
0%
HållplatsKristianstad hästtorget
0%
LåtSå skimrande var aldrig havet
0%
LåtGröna granna sköna sanna sommar
0%
LåtTuristens klagan
0%
LåtÄnglamark
0%
LåtSommar, sommar, sommar
0%
LåtBlå, blå känslor
0%
LåtOmkring tiggarn från Luossa
0%
LåtTa mig till havet
0%
LåtDet var dans bort i vägen
0%
LåtHav och sand
0%
HållplatsKristianstad trafikplats vilan
0%

Score Distribution

Percentile by Number Answered

Percent of People with Each Score

Your Score History

You have not taken this quiz